000 01448nam a2200385 i 4500
001 11988640
003 OSt
005 20240713102422.0
008 000428s2000 nyu b 000 0 eng
010 _a 00033842
020 _a1559391502
020 _a9781559391504
040 _aDLC
_cDLC
_dDLC
041 1 _aeng
_htib
050 0 0 _aBQ4355
_b.S66 2000
082 0 0 _a294.3/5
_221
100 0 _aSonam Rinchen,
_d1933-
245 1 4 _aThe Bodhisattva vow /
_cby Geshe Sonam Rinchen ; translated and edited by Ruth Sonam.
264 _aIthaca, N.Y. :
_bSnow Lion Publications,
_c2000.
300 _a235 pages ;
_c22 cm.
336 _2rdacontent
_atext
_btxt
337 _2rdamedia
_aunmediated
_bn
338 _2rdacarrier
_avolume
_bnc
500 _aIncludes the text of Candragomin's Bodhisattvasaṃvaraviṃśaka in English and Tibetan.
504 _aIncludes bibliographical references (p. [237]).
650 0 _aVows (Buddhism)
650 0 _aBodhisattva (The concept)
650 0 _aCompassion
_xReligious aspects
_xBuddhism.
650 0 _aBuddhism
_vPrayers and devotions.
700 1 _aSonam, Ruth,
_d1943-
700 0 _aCandragomin.
_tBodhisattvasaṃvaraviṃśaka.
_lEnglish and Tibetan.
906 _a7
_bcbc
_corignew
_d1
_eocip
_f20
_gy-gencatlg
942 _2LCS
_cBOOK
_n0
999 _c2157
_d2157